000 02616cam a22006974i 4500
003 PE-LiUPU
005 20250731170425.0
008 190118s2016 ag a rb 000 0 spa d
020 _a9875916285
020 _a9789875916289
035 _a(Sirsi) a251390
040 _aPE-LiUPU
_bspa
_cPE-LiUPU
_erda
049 _aPRUA
082 0 4 _a155.424
_bV73
082 0 4 _a155
_bU73
_220
100 1 _aUrbano, Claudio A.,
_eautor.
245 1 0 _aPsicología de desarrollo :
_benfoques y perspectivas del curso vital /
_cClaudio A. Urbano, José A. Yuni.
250 _a2o Edición.
264 1 _aBuenos Aires, Argentina :
_bBrujas,
_c2016.
300 _a203 páginas :
_bilustraciones ;
_c25 centímetros
336 _atext
_2rdacontent
337 _aunmediated
_2rdamedia
338 _avolume
_2rdacarrier
504 _aBibliografía: páginas 198-203.
505 0 _aEl desarrollo Humano desde la perspectiva Psicológica -- Proceso de constitución Subjetiva -- El desarrollo Psicosocial -- El desarrollo Cognotivo desde la perspectiva evolutiva -- Sujeto identidad y Desarrollo en el curso de la vida.
526 _aSEG68
526 _aSEG70
526 _aSEG69
526 _aSEG67
526 _aSEG43
526 _aP144
526 _aP143
526 _aP131
526 _aP122
526 _aP120
526 _aP117
526 _aP112
526 _aP110
526 _aP106
526 _aP101
526 _aP80
526 _aP59
526 _aP54
526 _aP35
526 _aP33
526 _aP30
541 _gF002-00000832;
541 _g002-00001572;
650 0 4 _aPsicología evolutiva.
650 0 4 _aPsicología individual.
700 1 _aYuni, Jose A,
_eautor.
910 _armch
_btqv
_cjfb
_d20190118
910 _abgr
_bncf
_cncf
_d20190812
942 _2ddc
_cBOOK
949 _a155.424 V73 2016
_wDEWEY
_c1
_iFJ12366
_lCCODEBUJ1
_mBUJ
_p24.00
_r0
_sY
_tBOOK
_u2019-01-18
_xSALUD
_zPSICOLOGÍA
_0COMPRA
_o.STAFF. Colección General Juliaca
994 _aCO
_bPEPRU
596 _a1 3
598 _aCATALOGING
999 _a155.424 V73 2016
_wDEWEY
_c30797
_iFJ12366
_d30797
_f2022-1-17
_g3
_lCCODEBUJ1
_mBUJ
_p24.00
_q1
_r0
_sY
_tBOOK
_u2019-1-18
_xSALUD
_zP33
_0COMPRA
_1FCOMPR2
_2UNKNOWN
_o.STAFF. Colección General Juliaca
999 _a155 U73
_wDEWEY
_c1
_i80138
_d2019-9-5
_f2021-11-3
_g3
_lCCODEBUL1
_mBUL
_p18.04
_q1
_r0
_sY
_tBOOK
_u2019-8-12
_xSALUD
_zP33
_0COMPRA
_1FCOMPR3
_o.STAFF. Colección Ciencias de la Salud
980 _81
_gALBERTO SANCHEZ Responsable de Automatización